SECURITY ANALYSIS WITH INVESTMENT AND PORTFOLIO MANAGEMENT (Record no. 189553)

MARC details
000 -LEADER
fixed length control field 00415nam a22001457a 4500
020 ## - INTERNATIONAL STANDARD BOOK NUMBER
International Standard Book Number 978-81-8205-519-3
082 ## - DEWEY DECIMAL CLASSIFICATION NUMBER
Classification number 332.6
Item number MAH/SE
100 ## - MAIN ENTRY--PERSONAL NAME
Personal name MAHIPAL SINGH
245 ## - TITLE STATEMENT
Title SECURITY ANALYSIS WITH INVESTMENT AND PORTFOLIO MANAGEMENT
260 ## - PUBLICATION, DISTRIBUTION, ETC. (IMPRINT)
Place of publication, distribution, etc. DELHI
Name of publisher, distributor, etc. ISHA BOOKS
Date of publication, distribution, etc. 2011
300 ## - PHYSICAL DESCRIPTION
Extent 507
500 ## - GENERAL NOTE
General note SECURITY ANALYSIS WITH INVESTMENT AND PORTFOLIO MANAGEMENT
700 ## - ADDED ENTRY--PERSONAL NAME
Personal name MAHIPAL SINGH
942 ## - ADDED ENTRY ELEMENTS (KOHA)
Source of classification or shelving scheme Dewey Decimal Classification
Koha item type Books (General)
Holdings
Withdrawn status Lost status Source of classification or shelving scheme Damaged status Not for loan Collection code Home library Current library Shelving location Date acquired Total Checkouts Full call number Date last seen Price effective from Koha item type
    Dewey Decimal Classification     Malayalam College of Co-operation, Banking & Management Library, Vellanikkara College of Co-operation, Banking & Management Library, Vellanikkara   17/08/2017   332.6 MAH/SE 17/08/2017 17/08/2017 Books (General)
Kerala Agricultural University Central Library
Thrissur-(Dt.), Kerala Pin:- 680656, India
Ph : (+91)(487) 2372219
E-mail: librarian@kau.in
Website: http://library.kau.in/